000 01882nkc a2200301za 4500
001 84590
003 OSt
005 20260423163354.0
007 kh boc
008 250410s1909 sp ||||| ||||||0| i|spa d
040 _cM-RABA
_aM-RABA
_bspa
245 0 4 _aLos Reyes Católicos entran triunfantes en Granada después de la rendición
_h[Material gráfico]
_c/ Manuel Tolsa Sarrión
246 _aEntrada triunfante de los Reyes Católicos en Granada
260 _b[Hauser y Menet]
_c, [ca. 1909]
300 _a1 fotografía
_b: gelatina de plata
_c; imagen 20 x 14 cm
_c; soporte secundario 30 x 24 cm
500 _aFotografía del relieve "Entrada triunfante de los Reyes Católicos en Granada" de Manuel Tolsa, obteniendo el segundo premio de la Academia en Escultura, de primera clase en el año 1784. Se conserva en el Museo de la Real Academia de Bellas Artes de San Fernando con nº de inventario E-314.
500 _aMontada sobre un soporte secundario de cartón, con texto manuscrito a lápiz en la parte inferior al recto: "Los Reyes Católicos entran triunfantes en Granada después de la rendición-Concurso de 1784-1ª clase. 2ª id D. Manuel Folsa". Nota manuscrita al verso a lápiz rojo: "1784-1ª clase".
500 _aFecha probable de la realización de la fotografía realizada por Hauser y Menet.
544 _aArchivo de la Real Academia de Bellas Artes de San Fernando (Le-4-29-1)
600 1 7 _aTolsá, Manuel (
_d1757-1816)
_91886
610 2 4 _aReal Academia de Bellas Artes de San Fernando.
_975832
651 7 _aMadrid
_2embne
_975182
655 7 _aFotografías de obras de arte
_975675
710 2 _aHauser y Menet (Madrid)
_950978
852 _jFot-614
856 _3Fot-614
_uhttps://archivoybiblioteca.realacademiabellasartessanfernando.com/cgi-bin/koha/opac-retrieve-file.pl?id=37292586db849ba37dedd715c44b9ae2
942 _2ddc
_cFOTOGRAFÍA
_n0
999 _c84590
_d84590